| 000 | 03444nam a22004217a 4500 | ||
|---|---|---|---|
| 005 | 2010080302182.0 | ||
| 010 | _aENG-98003 B-427589-601 | ||
| 020 |
_a9788120340978 _c195.00 |
||
| 035 | _aEN-81536 B-427589-601 | ||
| 037 | _bDBAD/PUB | ||
| 037 | _bAllied Pub/Ven | ||
| 082 | _a624.0151825 | ||
| 100 |
_aSaikia, Mimi Das _927884 |
||
| 245 |
_aElements of civil engineering / _cby Mimi Das Saikia, Bhargav Mohan Das [and ] Madan Mohan Das |
||
| 260 |
_aNew Delhi _bPHI Learning _c2010 |
||
| 270 |
_aM-97, Connaught Circus _bNew Delhi _e110001 |
||
| 300 |
_axviii, 214p. _c24cm (pbk) |
||
| 500 | _aIncludes index | ||
| 650 |
_aCivil engineering _927885 |
||
| 700 |
_aDas, Bhargav Mohan _95521 |
||
| 700 |
_aDas, Madan Mohan _95522 |
||
| 942 |
_2ddc _cEN _h624.0151825 _mSAI |
||
| 999 |
_c39061 _d39061 |
||